01012nam a2200265 i 4500003000900000005001700009007000300026008004100029040003000070082002000100110013700120245002600257264009600283300002800379336002700407337003300434338002800467590002700495650002500522650003500547910000700582942001400589952012600603999001700729DO-SdBNP20251127082331.0ta240418s1986 xxu 001 0dspa d aDO-SdBNPbspacBNPHUerda 4axxxxbR426m2221 aRepública Dominicana.bSecretaria de Estado de Educación, Bellas Artes y Cultos, Dirección General de Medios Educativos91650110aManual del estudiante aSanto Domingo :bEditora Secretaria de Estado de Educación, Bellas Artes y Cultos,c1986. a119 páginas ;c25 cm. atextobtxt2rdacontent asin mediaciónbn2rdamedia avolumenbnc2rdacarrier aInventariado, 2024/ DG 4aCooperativismo98303 0aParticipación social 977777 aDG 2ddccLBS1 00102ddc51708PDaBNPHUbBNPHUcCTd2024-04-18eDonaciónl0oBNPHU PD R426mp2024-2370r2024-04-18w2024-04-18yLBS1 c56456d56456